Interactions II A communicative grammar

محفوظ في:
التفاصيل البيبلوغرافية
المؤلف الرئيسي: Werner, Patricia K
التنسيق: كتاب
اللغة:Undetermined
منشور في: New York McGraw-Hill 1990
الموضوعات:
الوسوم: إضافة وسم
لا توجد وسوم, كن أول من يضع وسما على هذه التسجيلة!
Thư viện lưu trữ: Trung tâm Học liệu Trường Đại học Cần Thơ
LEADER 00657nam a2200205Ia 4500
001 CTU_350
008 210402s9999 xx 000 0 und d
082 |a 428.0071 
082 |b I.61g/B.2 
100 |a Werner, Patricia K 
245 0 |a Interactions II 
245 2 |b A communicative grammar 
245 0 |c Patricia K Werner, Mary Mitchell Church 
260 |a New York 
260 |b McGraw-Hill 
260 |c 1990 
650 |a English language 
650 |x Study and teaching 
904 |i H.Mai chuyển số PL về 428.0071 dùng cho cả bộ, mã hóa cutter theo tên sách 
980 |a Trung tâm Học liệu Trường Đại học Cần Thơ